000 00638cam a2200145 4500500
005 20260208005829.0
041 _afre
042 _adc
100 1 0 _aLécroart, Pascal
_eauthor
245 0 0 _aMYRIAM ROMAN et ANNE TOMICHE, Figures du parasite. Clermont-Ferrand, Presses Universitaires Blaise Pascal, « Littératures », 2001. Un vol. 14 × 22 de 292 p.
260 _c2005.
500 _a51
786 0 _nRevue d'histoire littéraire de la France | 105 | 3 | 2005-06-01 | p. 655zzx-764zzx | 0035-2411
856 4 1 _uhttps://shs.cairn.info/revue-d-histoire-litteraire-de-la-france-2005-3-page-655zzx?lang=fr&redirect-ssocas=7080
999 _c1654010
_d1654010